00578nam a22002177i 45000010005000000030004000050050017000090070003000260080041000290240014000700400008000841000026000922450055001182600043001733000017002164900071002336510019003047000016003239420006003399990015003458480OSt20170126082411.0tu161220s1972 xxu||||| |||| 00| 0 d7 a84802RID cOSt1 aKretschmar, Robert S.00aThe potential for joint ventures in Eastern Europe aNew York etc. :bPraeger Publ.,c1972. aXXVI, 153 S. aPraeger Special Studies in International Economics and Development aEastern Europe1 aFoor, Robin cB c7093d7093